| 000 | 00626nam a2200193 i 4500 | ||
|---|---|---|---|
| 001 | bgj | ||
| 100 | 1 |
_aBLUM, John Morton _d(1921- ) |
|
| 245 | 1 | 0 |
_aYears of discord : _bAmerican politics and society, 1961-1974 / _cJohn Morton Blum. |
| 260 |
_aNew York : _bW. W. Norton and Company, _cc. 1991 _aLondon. |
||
| 300 |
_a530 pp : _bphotos ; _c25 cm. |
||
| 504 | _aIncludes bibliographical references and index. | ||
| 651 | 9 |
_aUnited States _xPolitics and government _y1961-1974 |
|
| 020 | _a0393029697 | ||
| 040 | _cBPK | ||
| 041 | 0 | _aeng | |
| 920 | _a0-393-02969-7 | ||
| 942 | _cKS | ||
| 008 | s uk f |000 0 eng | ||
| 999 |
_c47675 _d47675 |
||
| 856 |
_uhttp://koha.tu.koszalin.pl/cgi-bin/koha/opac-detail.pl?biblionumber=47675 _yKatalog online BPK |
||